[Event "Ilyumzhinov Cup"]
[Site "Internet"]
[Date "2006.05.06"]
[Round "?"]
[White "Belezky, Alexander"]
[Black "Moskvin, Vladimir"]
[Result "0-1"]
[WhiteElo "2381"]
[BlackElo "2691"]
[PlyCount "28"]
[EventDate "2006.05.06"]
[EventType "swiss"]
[EventRounds "13"]
[EventCountry "RUS"]
[SourceTitle "CBM 112 Extra"]
[Source "ChessBase"]
[SourceDate "2006.07.14"]
[SourceVersion "1"]
[SourceVersionDate "2006.07.14"]
[SourceQuality "1"]

1. Nf3 g6 2. g3 Bg7 3. Bg2 d6 4. d3 e5 5. c4 f5 6. Nc3 c6 7. 0-0 Nf6 8. Bg5 0-0 9. Rb1 h6 10. Bxf6 Qxf6 11. b4 e4 12. dxe4 Qxc3 13. exf5 Bxf5 14. Rb3 Qf6 0-1

[Event "Ilyumzhinov Cup"]
[Site "Internet"]
[Date "2006.05.06"]
[Round "?"]
[White "Jovic, Stevan"]
[Black "Moskvin, Vladimir"]
[Result "0-1"]
[WhiteElo "2132"]
[BlackElo "2691"]
[PlyCount "78"]
[EventDate "2006.05.06"]
[EventType "swiss"]
[EventRounds "13"]
[EventCountry "RUS"]
[SourceTitle "CBM 112 Extra"]
[Source "ChessBase"]
[SourceDate "2006.07.14"]
[SourceVersion "1"]
[SourceVersionDate "2006.07.14"]
[SourceQuality "1"]

1. d4 g6 2. c4 Bg7 3. Nf3 d6 4. h3 Nd7 5. Nc3 e5 6. Bg5 f6 7. Bh4 Ne7 8. dxe5 dxe5 9. e3 Nf5 10. Bd3 Nxh4 11. Nxh4 f5 12. g3 e4 13. Be2 c6 14. Qc2 Qe7 15. Ng2 Ne5 16. h4 Be6 17. b3 0-0-0 18. Nf4 Bf7 19. Rd1 h6 20. a4 Qb4 21. 0-0 g5 22. Nh5 Bxh5 23. Bxh5 gxh4 24. Rxd8+ Rxd8 25. gxh4 Qe7 26. Rd1 Rd3 27. Rxd3 exd3 28. Qd1 Qxh4 29. a5 f4 30. a6 Qg5+ 31. Kf1 fxe3 32. axb7+ Kxb7 33. fxe3 Qxe3 34. Na4 Bf6 35. Kg2 Bh4 36. Bf3 Qg5+ 37. Kh1 Qe3 38. Bg2 d2 39. c5 Qe1+ 0-1

[Event "Ilyumzhinov Cup"]
[Site "Internet"]
[Date "2006.05.06"]
[Round "?"]
[White "Moskvin, Vladimir"]
[Black "Arutinian, David"]
[Result "0-1"]
[WhiteElo "2691"]
[BlackElo "2532"]
[PlyCount "138"]
[EventDate "2006.05.06"]
[EventType "swiss"]
[EventRounds "13"]
[EventCountry "RUS"]
[SourceTitle "CBM 112 Extra"]
[Source "ChessBase"]
[SourceDate "2006.07.14"]
[SourceVersion "1"]
[SourceVersionDate "2006.07.14"]
[SourceQuality "1"]

1. Nf3 Nf6 2. g3 d5 3. Bg2 c6 4. 0-0 Bg4 5. d3 Nbd7 6. Nbd2 e5 7. e4 dxe4 8. dxe4 Qc7 9. h3 Bh5 10. Qe1 Bxf3 11. Nxf3 Be7 12. Qe2 0-0 13. Nh4 Rfe8 14. Nf5 Bf8 15. Kh2 a5 16. Bd2 a4 17. a3 Nc5 18. Rae1 Nfd7 19. Qg4 Nf6 20. Qh4 Kh8 21. Bc3 b5 22. f4 Nfd7 23. fxe5 Nxe5 24. Qf4 f6 25. Ne3 Ne6 26. Qh4 Rad8 27. Ng4 Nxg4+ 28. Qxg4 Bd6 29. Rf5 Be5 30. Bxe5 fxe5 31. Ref1 h6 32. Rf7 Rd7 33. Qg6 Qd8 34. h4 Rxf7 35. Rxf7 Re7 36. Rf5 Nd4 37. Rf2 Re6 38. Qh5 Rf6 39. Rxf6 Qxf6 40. c3 Nb3 41. Qe8+ Kh7 42. Qh5 Nc5 43. Qe2 Qe7 44. Qe3 g6 45. Bh3 Kg7 46. Kg2 h5 47. g4 hxg4 48. Bxg4 Qxh4 49. Bf3 Qe7 50. Qf2 Ne6 51. Qe3 Nf4+ 52. Kf2 Qh4+ 53. Kf1 Qg3 54. Qf2 Qh3+ 55. Ke1 Qd7 56. Qg3 Qd3 57. Qg4 Qe3+ 58. Kf1 Qd3+ 59. Kf2 Qd6 60. Ke3 Qc5+ 61. Kd2 Qf2+ 62. Kd1 Qf1+ 63. Kd2 Qd3+ 64. Kc1 Qd6 65. Kc2 Qe7 66. Kc1 Kh6 67. Kc2 Qc5 68. Kc1 Qe3+ 69. Kc2 Qf2+ 0-1

[Event "Ilyumzhinov Cup"]
[Site "Internet"]
[Date "2006.05.06"]
[Round "?"]
[White "Shaposhnikov, Evgeny"]
[Black "Moskvin, Vladimir"]
[Result "1/2-1/2"]
[WhiteElo "2538"]
[BlackElo "2691"]
[PlyCount "83"]
[EventDate "2006.05.06"]
[EventType "swiss"]
[EventRounds "13"]
[EventCountry "RUS"]
[SourceTitle "CBM 112 Extra"]
[Source "ChessBase"]
[SourceDate "2006.07.14"]
[SourceVersion "1"]
[SourceVersionDate "2006.07.14"]
[SourceQuality "1"]

1. e4 g6 2. d4 Bg7 3. Nf3 a6 4. Nc3 b5 5. a4 b4 6. Nd5 a5 7. Bd3 e6 8. Nf4 Bb7 9. 0-0 Ne7 10. Qe2 0-0 11. h4 h6 12. c3 d6 13. Bd2 e5 14. dxe5 dxe5 15. Nh3 Nbc6 16. Bb5 Bc8 17. Rad1 Bxh3 18. gxh3 Qc8 19. Kh2 Qe6 20. Be3 Kh8 21. Bc4 Qc8 22. Rg1 f5 23. h5 fxe4 24. Nh4 g5 25. Ng6+ Nxg6 26. hxg6 Ne7 27. Rxg5 Nf5 28. Rh5 Nxe3 29. Qxe3 Rf4 30. Rg1 Qf8 31. Bf7 Rd8 32. Rg4 Rd3 33. Qe2 Rdf3 34. Rxf4 exf4 35. Qxe4 Rxf2+ 36. Kg1 Rxb2 37. Rxh6+ Bxh6 38. Qe5+ Qg7 39. Qe8+ Qf8 40. Qe5+ Qg7 41. Qe8+ Qf8 42. Qe5+ 1/2-1/2

[Event "RUS Cup Qualifier 4"]
[Site "chessassistantclub.com INT"]
[Date "2004.11.25"]
[Round "?"]
[White "Moskvin, Vladimir"]
[Black "Hasangatin, Ramil"]
[Result "1/2-1/2"]
[WhiteElo "2477"]
[BlackElo "2501"]
[PlyCount "244"]
[EventDate "2004.11.25"]
[EventType "swiss (blitz)"]
[EventRounds "13"]
[EventCountry "RUS"]
[SourceTitle "CBM 103 Extra"]
[Source "ChessBase"]
[SourceDate "2005.01.01"]
[SourceVersion "1"]
[SourceVersionDate "2005.01.01"]
[SourceQuality "1"]

1. Nf3 d5 2. g3 Bf5 3. Bg2 e6 4. 0-0 Nf6 5. d3 h6 6. Nbd2 Be7 7. Qe1 0-0 8. e4 Bh7 9. Qe2 c5 10. Re1 Nc6 11. e5 Nd7 12. Nf1 b5 13. h4 a5 14. h5 a4 15. Bf4 c4 16. d4 b4 17. b3 axb3 18. axb3 Nb6 19. Ne3 Na5 20. Qd1 Qc7 21. g4 Be4 22. Nd2 Bxg2 23. Kxg2 Rfc8 24. Nf3 cxb3 25. cxb3 Qc3 26. Rb1 Rc6 27. g5 hxg5 28. Bxg5 Ra7 29. h6 Bf8 30. hxg7 Bxg7 31. Rh1 Nd7 32. Bh6 f6 33. Bxg7 Kxg7 34. exf6+ Nxf6 35. Ne5 Rc8 36. Qf3 Rg8 37. Rh3 Kf8+ 38. Rg3 Rxg3+ 39. Kxg3 Ke7 40. Qd1 Ra8 41. Kg2 Rg8+ 42. Kf1 Nc6 43. Nxc6+ Qxc6 44. Rc1 Qb5+ 45. Qe2 Qxe2+ 46. Kxe2 Ne4 47. Ra1 Rf8 48. Ra7+ Kd6 49. f3 Nc3+ 50. Kf2 Ne4+ 51. Kg2 Nd2 52. Ng4 Nxf3 53. Ra6+ Kd7 54. Ra7+ Kc6 55. Ra6+ Kb7 56. Rxe6 Nxd4 57. Re7+ Kb6 58. Re5 Kc5 59. Ne3 Rd8 60. Kf2 Nxb3 61. Ke1 Na5 62. Kd2 Nc4+ 63. Kd3 Nxe3 64. Rxe3 Ra8 65. Re1 Ra3+ 66. Kc2 Rc3+ 67. Kb2 Kc4 68. Rh1 Rf3 69. Rc1+ Rc3 70. Rd1 d4 71. Rd2 Rd3 72. Rc2+ Kb5 73. Rg2 b3 74. Rg7 Kc4 75. Rc7+ Kd5 76. Rd7+ Ke6 77. Rd8 Ke5 78. Re8+ Kf4 79. Re7 Kf3 80. Re6 Re3 81. Rd6 Ke4 82. Rd8 Rc3 83. Re8+ Kd3 84. Re7 Rc5 85. Rh7 Rc3 86. Rh3+ Kc4 87. Rh8 Rc2+ 88. Kb1 Rf2 89. Rc8+ Kd3 90. Rc7 Kd2 91. Kb2 d3 92. Re7 Rf8 93. Re6 Rc8 94. Re5 Kd1 95. Re4 d2 96. Re5 Rf8 97. Re4 Rf2 98. Re5 Re2 99. Rh5 Ke1 100. Rh1+ Kf2 101. Rd1 Ke3 102. Kxb3 Re1 103. Kc2 Re2 104. Kc3 Rf2 105. Kc2 Rg2 106. Kc3 Rg6 107. Rh1 Rc6+ 108. Kb2 Rb6+ 109. Kc3 Rc6+ 110. Kb2 Kd3 111. Rh3+ Ke2 112. Rh2+ Ke1 113. Rh1+ Kf2 114. Rh2+ Ke3 115. Rh3+ Kf4 116. Rh4+ Kg3 117. Rd4 Rb6+ 118. Kc2 Re6 119. Kxd2 Rf6 120. Kd3 Rf3+ 121. Kc4 Rf4 122. Rxf4 Kxf4 1/2-1/2

[Event "RUS Cup Qualifier 4"]
[Site "chessassistantclub.com INT"]
[Date "2004.11.25"]
[Round "?"]
[White "Moskvin, Vladimir"]
[Black "Lubashov, Alexei"]
[Result "1/2-1/2"]
[WhiteElo "2426"]
[BlackElo "2411"]
[PlyCount "52"]
[EventDate "2004.11.25"]
[EventType "swiss (blitz)"]
[EventRounds "13"]
[EventCountry "RUS"]
[SourceTitle "CBM 103 Extra"]
[Source "ChessBase"]
[SourceDate "2005.01.01"]
[SourceVersion "1"]
[SourceVersionDate "2005.01.01"]
[SourceQuality "1"]

1. d4 d6 2. Bf4 g6 3. e3 Bg7 4. Nf3 Nd7 5. h3 e5 6. Bh2 Qe7 7. Be2 f5 8. 0-0 Ngf6 9. c4 0-0 10. Nc3 c6 11. b4 Ne4 12. Rc1 Nxc3 13. Rxc3 a5 14. a3 axb4 15. axb4 Ra2 16. Rc2 Rxc2 17. Qxc2 f4 18. dxe5 dxe5 19. exf4 exf4 20. c5 Kh8 21. Re1 Ne5 22. Kf1 Bf5 23. Qd2 g5 24. h4 Rd8 25. Qc1 h6 26. hxg5 hxg5 1/2-1/2

[Event "RUS Cup Qualifier 3"]
[Site "chessassistantclub.com INT"]
[Date "2004.10.21"]
[Round "?"]
[White "Moskvin, Vladimir"]
[Black "Pugachov, Alexey"]
[Result "1-0"]
[WhiteElo "2572"]
[BlackElo "2499"]
[PlyCount "97"]
[EventDate "2004.10.21"]
[EventType "swiss (blitz)"]
[EventRounds "13"]
[EventCountry "RUS"]
[SourceTitle "EXT 2006"]
[Source "ChessBase"]
[SourceDate "2005.11.24"]
[SourceVersion "1"]
[SourceVersionDate "2005.11.24"]
[SourceQuality "1"]

1. d4 Nf6 2. c4 e6 3. Nf3 b6 4. a3 Ba6 5. Qc2 Bb7 6. Nc3 c5 7. dxc5 Bxc5 8. Bf4 Be7 9. e3 d6 10. Rd1 a6 11. Be2 0-0 12. h3 Ne8 13. 0-0 Nd7 14. b4 Qc7 15. Rd2 Ne5 16. Nxe5 dxe5 17. Bg3 Nf6 18. Rfd1 Rfd8 19. Qb2 Rxd2 20. Rxd2 Ne8 21. Bf1 f6 22. Qb3 Kf7 23. Be2 Rd8 24. Rc2 Nd6 25. f3 Rc8 26. Nd1 Bd5 27. Nb2 b5 28. Qd3 Nxc4 29. Qxh7 Qb6 30. Qh5+ Kg8 31. Bf2 Qd8 32. Nxc4 Bxc4 33. Qg4 f5 34. Qg6 Bf6 35. e4 Bxe2 36. Rxe2 Rc1+ 37. Kh2 f4 38. Re1 Rc2 39. Bc5 Qd7 40. Rg1 Bh4 41. Kh1 Qf7 42. Qg4 Qf6 43. Bd6 Bg3 44. Qh5 Rd2 45. Bxe5 Qh6 46. Qg4 Kh7 47. Bc3 Qg6 48. Qxg6+ Kxg6 49. Bxd2 1-0

[Event "RUS Cup Qualifier 3"]
[Site "chessassistantclub.com INT"]
[Date "2004.10.21"]
[Round "?"]
[White "Shipov, Sergei"]
[Black "Moskvin, Vladimir"]
[Result "0-1"]
[WhiteElo "2589"]
[BlackElo "2572"]
[PlyCount "100"]
[EventDate "2004.10.21"]
[EventType "swiss (blitz)"]
[EventRounds "13"]
[EventCountry "RUS"]
[SourceTitle "EXT 2006"]
[Source "ChessBase"]
[SourceDate "2005.11.24"]
[SourceVersion "1"]
[SourceVersionDate "2005.11.24"]
[SourceQuality "1"]

1. d4 Nf6 2. c4 e6 3. Nc3 Bb4 4. Qc2 c5 5. dxc5 0-0 6. Nf3 Na6 7. Bd2 Nxc5 8. e3 b6 9. Be2 Bb7 10. 0-0 Qe7 11. Rfd1 Rfd8 12. a3 Bxc3 13. Bxc3 Nfe4 14. Be1 Nf6 15. b4 Nce4 16. Rac1 d6 17. Qb2 h6 18. Nd4 a6 19. f3 Ng5 20. Bf2 Nd7 21. e4 Nh7 22. Qd2 Nhf6 23. Nb3 Ne8 24. a4 Rab8 25. a5 bxa5 26. Nxa5 Ba8 27. Bf1 Ne5 28. Bg3 h5 29. Qe1 Ng6 30. c5 h4 31. Bf2 dxc5 32. Bxc5 Qg5 33. Bxa6 Nf4 34. Bf1 Nf6 35. Rxd8+ Rxd8 36. Be3 e5 37. Kh1 Qg6 38. Bxf4 exf4 39. Qxh4 Rb8 40. Qxf4 Re8 41. b5 Nh5 42. Qh4 Qh6 43. Rd1 g5 44. Qg4 Nf6 45. Qf5 g4 46. Nc6 gxf3 47. gxf3 Nh5 48. Bc4 Ng3+ 49. Kg2 Nxf5 50. exf5 Bxc6 0-1